MARC

LEADER 00000nam0a2200000 4500
001 375031
005 20231101051426.0
010 |b 5000 экз. 
035 |a (RuTPU)RU\TPU\retro\32466 
035 |a RU\TPU\book\275471 
090 |a 375031 
100 |a 20221220d1935 km y0rusy50 ca 
101 0 |a rus 
102 |a RU 
105 |a ab z 001zy 
200 1 |a Новосибирские острова  |e [научно-исследовательский обзор]  |f И. М. Иванов 
210 |a Архангельск  |c Северное краевое издательство  |d 1935 
215 |a 67 с.  |c ил., карта 
225 1 |a Острова Советской Арктики 
320 |a Литература: с. 63-67. 
610 1 |a Арктика 
610 1 |a Новосибирские острова 
610 1 |a география 
610 1 |a исследование 
610 1 |a климат 
610 1 |a геологическое строение 
610 1 |a растительный мир 
610 1 |a животный мир 
610 1 |a ископаемые 
610 1 |a этнография 
610 1 |a история 
675 |a 91(98)  |v 3 
686 |a Ч611.68  |v LBC/SL-A  |2 rubbk 
700 1 |a Иванов  |b И. М. 
801 1 |a RU  |b 63413507  |c 20140311 
801 2 |a RU  |b 63413507  |c 20221220  |g RCR 
942 |c BK